=LDR 00000nam 2200000 4500 =001 INLIS000000000017709 =005 20130612112927 =008 ***********************************Ind** =035 ##$$0010-061300000017709 =041 ##$$a Ind =082 ##$$a R.639.202 6 =090 ##$$a R.639.202 6, Ind u =100 ##$$a Indonesia.[Undang-Undnag dan Peraturan] =245 ##$$a Undang-undang perikanan 2004, UU RI no. 31 th. 2004 tentang perikanan =260 ##$$a 2005 $b Jakarta =300 ##$$a vii, 81 hlm, 20 cm =650 ##$$a Perikanan-UU dan peraturan =850 ##$$a NBPNMAT